Plus grandes villes du Saint Empire Romain Germanique par année - Statistiques

Statistiques générales
  • Ce quiz a été pris 1 367 fois
  • Le résultat moyen est 14 sur 23
Statistiques - réponses
Rang Population Ville Pays actuel % Correct
#2 172'000 Berlin Allemagne
97%
#1 77'000 Prague République tchèque
96%
. 20'000 Vienne Autriche
95%
#8 40'000 Munich Allemagne
93%
. 20'000 Strasbourg France
87%
. 40'000 Hambourg Allemagne
86%
#4 65'000 Bruxelles Belgique
82%
#10 35'000 Francfort Allemagne
74%
#2 54'000 Cologne Allemagne
73%
#3 66'000 Anvers Belgique
68%
#6 45'000 Liège Belgique
64%
#9 36'000 Brême Allemagne
57%
. 20'000 Gdansk (Danzig) Pologne
56%
#10 36'000 Bruges Belgique
55%
#3 21'000 Aix-la-Chapelle Allemagne
54%
. 20'000 Nuremberg Allemagne
51%
#5 61'000 Dresde Allemagne
49%
#5 52'000 Gand Belgique
42%
. 25'000 Wrocław (Breslau) Pologne
28%
#9 15'000 Lübeck Allemagne
22%
#4 30'000 Augsbourg Allemagne
18%
#4 20'000 Magdebourg Allemagne
12%
#10 11'000 Ratisbonne Allemagne
11%
Aucun quiz correspondant
Distribution des résultats
% des personnes avec chaque résultat
Percentile par nombre de réponses
Votre historique - résultats
Vous n’avez pas pris ce quiz